| 000 | 00595cam a2200169u 4500 | ||
|---|---|---|---|
| 082 |
_a620.106 _bLEW |
||
| 100 | 1 |
_aLewitt, Ernest Henry, _940924 |
|
| 245 | 0 | 0 |
_aThermodynamics applied to heat engines; _ba text-book covering the syllabuses of the B. Sc. _c(Eng.) and I. Mech. E. examinations in this subject, |
| 250 | _a3d ed. | ||
| 260 |
_aLondon, _bSir I. Pitman & sons, ltd., _c1943. |
||
| 300 |
_ax, 890 p. _billus., _c20 cm. |
||
| 526 |
_a0 _b0 _c0 _d620_000000000000000_106THE |
||
| 650 | 0 |
_aHeat-engines. _938614 |
|
| 650 | 0 |
_aMCE _9379 |
|
| 650 | 0 |
_aThermodynamics. _97134 |
|
| 942 |
_2ddc _cBK |
||
| 999 |
_c545144 _d545144 |
||